000 00934nam a2200229 i 4500
001 67524
003 ES-MaACL
005 20230906170108.0
007 t|
008 040602s2003 sp ||||1| spa d
020 _a84-95099-61-6
080 _a728.81(460.186)
100 1 _aLorenzo Celorrio, Angel.
_974178
245 1 0 _aCompendio de los castillos medievales de la provincia de Soria en el que se incluyen torres y atalayas de la misma época
_b: aumentado con las trazas de los ejemplares más representativos y adornado con ilustraciones de aquellos que conservan restos significativos /
_cAngel Lorenzo Celorrio.
260 _aSoria :
_bDiputación Provincial de Soria,
_c2003.
300 _a495 p. :
_bil., planos ;
_c24 cm.
490 1 _aTemas sorianos 44
650 1 4 _aCastillos-
_zSoria (Provincia)
_910834
830 0 _aTemas sorianos 44
_9230899
852 _aES-MaACL
_jL-27747
_bR.133559
999 _c67524
_d67524